<?xml version="1.0" encoding="UTF-8"?><?xml-stylesheet type="text/xsl" href="static/style.xsl"?><OAI-PMH xmlns="http://www.openarchives.org/OAI/2.0/" xmlns:xsi="http://www.w3.org/2001/XMLSchema-instance" xsi:schemaLocation="http://www.openarchives.org/OAI/2.0/ http://www.openarchives.org/OAI/2.0/OAI-PMH.xsd"><responseDate>2026-06-05T04:04:13Z</responseDate><request verb="GetRecord" identifier="oai:riuma.uma.es:10630/38282" metadataPrefix="marc">https://riuma.uma.es/rest/oai/request</request><GetRecord><record><header><identifier>oai:riuma.uma.es:10630/38282</identifier><datestamp>2026-02-03T11:10:03Z</datestamp><setSpec>com_10630_2254</setSpec><setSpec>col_10630_37953</setSpec></header><metadata><record xmlns="http://www.loc.gov/MARC21/slim" xmlns:dcterms="http://purl.org/dc/terms/" xmlns:doc="http://www.lyncode.com/xoai" xmlns:xsi="http://www.w3.org/2001/XMLSchema-instance" xsi:schemaLocation="http://www.loc.gov/MARC21/slim http://www.loc.gov/standards/marcxml/schema/MARC21slim.xsd">
   <leader>00925njm 22002777a 4500</leader>
   <datafield ind2=" " ind1=" " tag="042">
      <subfield code="a">dc</subfield>
   </datafield>
   <datafield ind2=" " ind1=" " tag="720">
      <subfield code="a">Cabrera-Martos, Irene</subfield>
      <subfield code="e">author</subfield>
   </datafield>
   <datafield ind2=" " ind1=" " tag="720">
      <subfield code="a">Cortés-Alcaraz, Cristina</subfield>
      <subfield code="e">author</subfield>
   </datafield>
   <datafield ind2=" " ind1=" " tag="720">
      <subfield code="a">Jiménez-López, Paula</subfield>
      <subfield code="e">author</subfield>
   </datafield>
   <datafield ind2=" " ind1=" " tag="720">
      <subfield code="a">López-López, Laura</subfield>
      <subfield code="e">author</subfield>
   </datafield>
   <datafield ind2=" " ind1=" " tag="720">
      <subfield code="a">Torres-Sánchez, Irene</subfield>
      <subfield code="e">author</subfield>
   </datafield>
   <datafield ind2=" " ind1=" " tag="720">
      <subfield code="a">Díaz-Mohedo, Esther</subfield>
      <subfield code="e">author</subfield>
   </datafield>
   <datafield ind2=" " ind1=" " tag="260">
      <subfield code="c">2025-03</subfield>
   </datafield>
   <datafield ind2=" " ind1=" " tag="520">
      <subfield code="a">Objective: This systematic review aimed to describe and synthesize the scientific evidence on the effects of physical therapy in preventing postpartum urinary incontinence.&#xd;
Data sources: The following databases were searched up to April 2023: PubMed/MEDLINE, Web of Science, ScienceDirect, PEDro, CINAHL, and Scopus.&#xd;
Study selection: Studies were included if they were randomized controlled trials; included women during pregnancy or at postpartum period; conducted a physical therapist intervention; and studied the prevention of postpartum urinary incontinence.&#xd;
Data extraction and synthesis: Two researchers extracted information of the descriptive characteristics of the studies and the interventions, variables, main outcomes, and results.&#xd;
Main outcome and measures: Main outcomes were variables related to postpartum urinary incontinence. Quality appraisal was conducted using the PEDRO and Cochrane Risk of Bias 2.0 tools.&#xd;
&#xd;
Results: Among the 2067 studies initially identified, 9 met the inclusion criteria. The main interventions include pelvic floor muscle exercises, electrical stimulation, and perineal massage. The studies demonstrated a positive impact on postpartum urinary incontinence incidence and related symptoms in most of the studies included. However, the heterogeneity presented in the characteristics of the sample, protocol, and outcome measures limited the conclusions reached. Quality assessment revealed moderate to high methodological quality in 90% of trials using the PEDro scale, while 70% presented a high risk of bias according to the Cochrane tool.&#xd;
Conclusions and relevance: Physical therapist interventions, particularly pelvic floor muscle exercises, may have a positive effect in preventing postpartum urinary incontinence compared to usual care or no intervention. However, the heterogeneity and limited number of studies emphasize the need for more high-quality randomized controlled trials.</subfield>
   </datafield>
   <datafield ind1="8" ind2=" " tag="024">
      <subfield code="a">Cabrera-Martos I, Cortés-Alcaraz C, Jiménez-López P, López-López L, Torres-Sánchez I, Díaz-Mohedo E. Physical Therapist Interventions to Prevent Postpartum Urinary Incontinence: A Systematic Review. Phys Ther. 2025 Mar 21:pzaf017. doi: 10.1093/ptj/pzaf017. Epub ahead of print. PMID: 40114296.</subfield>
   </datafield>
   <datafield ind1="8" ind2=" " tag="024">
      <subfield code="a">https://hdl.handle.net/10630/38282</subfield>
   </datafield>
   <datafield ind1="8" ind2=" " tag="024">
      <subfield code="a">10.1093/ptj/pzaf017</subfield>
   </datafield>
   <datafield tag="653" ind2=" " ind1=" ">
      <subfield code="a">Incontinencia urinaria en las mujeres - Ejercicios terapéuticos</subfield>
   </datafield>
   <datafield tag="653" ind2=" " ind1=" ">
      <subfield code="a">Suelo pélvico - Fisiopatología - Tratamiento</subfield>
   </datafield>
   <datafield ind2="0" ind1="0" tag="245">
      <subfield code="a">Physical Therapist Interventions to Prevent Postpartum Urinary Incontinence: A Systematic Review.</subfield>
   </datafield>
</record>
</metadata></record></GetRecord></OAI-PMH>